| 000 | 02328nam a22007210a 4500 | ||
|---|---|---|---|
| 001 | PT23596 | ||
| 003 | AR-LpoUNG | ||
| 005 | 20210131233150.0 | ||
| 008 | 191001s2006||||ag |||||||||||||||||spa d | ||
| 040 |
_aAR-LpoUNG _bspa _cAR-LpoUNG _eaacr |
||
| 041 | _aspa | ||
| 044 | _aag | ||
| 082 | 0 | _a982.065 446mem | |
| 100 | 1 | _aAlonso, Carlos | |
| 245 | 1 | 3 |
_aLa memoria : _btestimonio colectivo creación permanente |
| 250 | _a1ra ed. | ||
| 260 |
_aBuenos Aires : _bSecretaría de Cultura, _c2006. |
||
| 300 |
_a93 p. : _bfot. |
||
| 520 | _a<p>El punto de partida de este proyecto es la canción de León Gieco La Memoria, en la cual se enumeran distintos hechos trágicos de nuestro país y continente, y se advierte sobre los efectos que puede tener no ejercer la memoria. Veintiseis artistas fueron convocados, quienes crearon sus obras a partir de las distintas estrofas de la canción. El objetivo de la obra es ser disparador y multiplicador de otros proyectos, de otras preguntas.</p> | ||
| 650 | 4 | _aANALISIS HISTORICO | |
| 650 | 4 | _aARGENTINA | |
| 650 | 4 | _aASPECTOS POLITICOS | |
| 650 | 4 | _aAUTORITARISMO | |
| 650 | 4 | _aCONCIENTIZACION | |
| 650 | 4 | _aDEMOCRACIA | |
| 650 | 4 | _aDICTADURA | |
| 650 | 4 | _aFUERZAS ARMADAS | |
| 650 | 4 | _aGOBIERNO MILITAR | |
| 650 | 4 | _aVIOLENCIA | |
| 651 | 4 | _aArgentina | |
| 653 | _aDESAPARECIDOS | ||
| 653 | _aMAES | ||
| 653 | _aMEMORIA COLECTIVA | ||
| 653 | _aPROYECTO CULTURA SOLIDARIA | ||
| 653 | _aREPRESION | ||
| 700 | 1 | _aBeibe, Susana | |
| 700 | 1 | _aBianchedi, Remo | |
| 700 | 1 | _aCastagna, Blas | |
| 700 | 1 | _aCelis, Pérez | |
| 700 | 1 | _aChorne, Diana | |
| 700 | 1 | _aDayer, Diego | |
| 700 | 1 | _aFazzolari, Fernando | |
| 700 | 1 | _aFerrari, León | |
| 700 | 1 | _aGarcía, Daniel | |
| 700 | 1 | _aGieco, León | |
| 700 | 1 | _aGonzález Perrín, Jorge | |
| 700 | 1 | _aGorriarena, Carlos | |
| 700 | 1 | _aLuna, Leonel | |
| 700 | 1 | _aMolinari, Eduardo | |
| 700 | 1 | _aMoscona, Sergio | |
| 700 | 1 | _aNoe, Luis Felipe | |
| 700 | 1 | _aPanosetti, Omar | |
| 700 | 1 | _aPesce, Ernesto | |
| 700 | 1 | _aSantoro, Daniel | |
| 700 | 1 | _aSapia, Mariano | |
| 700 | 1 | _aSchapiro, Mariana | |
| 700 | 1 | _aTesta, Clorindo | |
| 700 | 1 | _aTrilnick, Carlos | |
| 700 | 1 | _aWells, Luis | |
| 710 | 2 | _aArgentina. Secretaría de Cultura | |
| 905 | _a23596 | ||
| 942 | _cLIB | ||
| 999 |
_c19517 _d19517 |
||